Sports Quiz

Random Sports or WWE Quiz

Complete the Card: ECW Anarchy Rulz 1999 Quiz Stats

Quiz not verified by Sporcle

Challenge
Share
Tweet
Embed
Score 0/44 Timer 07:00
0 Plays Today
Match Particpants % Correct
Match 8 - World Television TitleRob Van Dam
91.3%
Match 7 - World Tag TitlesTommy Dreamer
90%
Match 5 - SinglesSabu
88.8%
Match 7 - World Tag TitlesRaven
86.3%
Match 6 - Three Way Dance for the World Heavyweight TitleTaz
85%
Other TalentSpike Dudley
85%
Match 1 - SinglesLance Storm
83.8%
Other TalentJoey Styles
83.8%
Other TalentLance Storm
83.8%
Match 4 - Three Way DanceLittle Guido
82.5%
Match 5 - SinglesJustin Credible
81.3%
Match 5 - SinglesBill Alfonso
81.3%
Match 8 - World Television TitleBill Alfonso
81.3%
Other TalentJustin Credible
81.3%
Match 1 - SinglesDawn Marie
80%
Match 6 - Three Way Dance for the World Heavyweight TitleMike Awesome
80%
Match 1 - SinglesJerry Lynn
78.8%
Match 7 - World Tag TitlesRhino
77.5%
Match 4 - Three Way DanceYoshihiro Tajiri
76.3%
Match 7 - World Tag TitlesFrancine
76.3%
Match 6 - Three Way Dance for the World Heavyweight TitleMasato Tanaka
75%
Match 6 - Three Way Dance for the World Heavyweight TitlePaul Heyman
75%
Match Particpants % Correct
Match 4 - Three Way DanceSuper Crazy
73.8%
Other TalentCyrus
72.5%
Match 8 - World Television TitleBalls Mahoney
71.3%
Other TalentBalls Mahoney
71.3%
Match 7 - World Tag TitlesSteve Corino
66.3%
Match 3 - TagNova
62.5%
Match 5 - SinglesJason
62.5%
Match 3 - TagNew Jack
62.5%
Match 3 - TagChris Chetti
61.3%
Other TalentAxl Rotten
61.3%
Match 7 - World Tag TitlesJoel Gertner
58.8%
Match 6 - Three Way Dance for the World Heavyweight TitleJudge Jeff Jones
56.3%
Match 4 - Three Way DanceSal E. Graziano
55%
Match 7 - World Tag TitlesJack Victory
53.8%
Match 2 - SinglesSimon Diamond
52.5%
Match 3 - TagSimon Diamond
52.5%
Match 2 - SinglesJazz
51.3%
Other TalentBob Artese
47.5%
Other TalentJohnny Smith
38.8%
Match 2 - SinglesTom Marquez
37.5%
Match 3 - TagTony DeVito
37.5%
Match 7 - World Tag TitlesMancow
20%

You're not logged in!

Compare scores with friends on all Sporcle quizzes.
Sign Up with Email
OR
Log In

You Might Also Like...

Show Comments

Extras

Top Quizzes Today


Score Distribution

Your Account Isn't Verified!

In order to create a playlist on Sporcle, you need to verify the email address you used during registration. Go to your Sporcle Settings to finish the process.

Report this User

Report this user for behavior that violates our Community Guidelines.

Details: